| 000 | 00932cam a2200289 i 4500 | ||
|---|---|---|---|
| 999 |
_c200442542 _d60754 |
||
| 003 | TR-AnTOB | ||
| 005 | 20220803160325.0 | ||
| 007 | ta | ||
| 008 | 830623s1957 fr 000 0 fre | ||
| 040 |
_aTR-AnTOB _beng _erda _cTR-AnTOB |
||
| 041 | 0 | _afre | |
| 050 | 4 |
_bHD9999 .S7 _aO74 1957 |
|
| 090 |
_aHD9999 .S7 _bO74 1957 |
||
| 110 | 2 |
_aEuropean Productivity Agency _9127599 |
|
| 245 | 1 | 0 |
_aSavons, detergents, peintures vernis : _btechniques de distribution aux Etats-Unis. |
| 264 | 1 |
_aParis : _bOECE, _c1957 |
|
| 300 |
_a100 pages ; _c24 cm |
||
| 336 |
_2rdacontent _atext _btxt |
||
| 337 |
_2rdamedia _aunmediated _bn |
||
| 338 |
_2rdacarrier _avolume _bnc |
||
| 650 | 0 |
_aSoap trade _zUnited States _9137990 |
|
| 650 | 0 |
_aPaint industry and trade _zUnited States _9137991 |
|
| 775 |
_tSoap, detergents, paint, varnishes _w(TR-AnTOB)200442544 |
||
| 942 |
_2lcc _cBK |
||